Buffy The Vampire Slayer Trivia Quiz #1 - Statistics

General Stats
  • This quiz has been taken 1,137 times
  • The average score is 2 of 9
Answer Stats
Hint Answer % Correct
What instrument did Oz play in the band Dingoes Ate My Baby? Guitar
99%
In what year did Anya arrive in Sunnydale? 1998
62%
How old was Tara when she lost her mother? 17
46%
The First Slayer was created by how many sorcerers (a.k.a. Shadow Men)? Three
22%
In which episode did Joyce Summers finally discover her daughter's true Vampire Slayer identity, causing Buffy to leave home? "Becoming, Part Two"
8%
Name the FIRST and LAST episodes in which the character of Jenny Calendar appeared? "I Robot, You Jane" and "Amends"
3%
What are the first names of Xander's dysfunctional parents? Anthony and Jessica
1%
What was the name of Faith's Watcher, killed by Kakistos? Diana Dormer
0%
In the episode "Family," what did Buffy call Glory? Miss Congeniality
0%
No matching quizzes found
Score Distribution
Percent of People with Each Score
Percentile by Number Answered
Your Score History
You have not taken this quiz